| 000 | 00364 a2200109 4500 | ||
|---|---|---|---|
| 001 | ART_43478 | ||
| 005 | 20260410162024.0 | ||
| 008 | 260409a | ||
| 245 | 1 | 0 | _aThe impact of federal overtime legislationon public sector labor markets |
| 100 | 1 | _aJohnson, John H. | |
| 773 | 0 |
_tJournal of labor economics _g- Vol. 21, NÂș 1 (ene. 2003) _wREV43438 |
|
| 999 |
_c33398 _d33398 |
||